| 000 | 00563cam a22001577a 4500 | ||
|---|---|---|---|
| 008 | 180718b2007 xxu||||| |||| 00| 0 eng d | ||
| 082 | _aAPPPA 2007-08 | ||
| 100 | _aMittal, Suresh Chand | ||
| 245 |
_aDevelopment of dedicated freight corridor on Indian railways _cby Suresh Chand Mittal |
||
| 260 |
_aNew Delhi _bIndian Institute of Public Administration _c2007 |
||
| 300 | _a74p. | ||
| 500 | _aAn APPPA M.Phil dissertation, 2006-07 (Guide: Prof. Aasha Kapur Mehta) | ||
| 650 | _aIndian railways | ||
| 650 | _aDedicated freight corridor | ||
| 650 | _aDevelopment | ||
| 999 |
_c493482 _d493482 |
||